| 000 | 00751nam a2200253Ia 4500 | ||
|---|---|---|---|
| 003 | OSt | ||
| 005 | 20220926004246.0 | ||
| 006 | a|||||r|||| 00| 0 | ||
| 007 | ta | ||
| 008 | 220923b |||||||| |||| 00| 0 eng d | ||
| 020 | _a8170271896 | ||
| 037 | _cGeneral Book | ||
| 040 |
_aRTL _cRTL _beng |
||
| 041 |
_2eng _aeng |
||
| 082 | _aX.5.N9, N3 | ||
| 100 |
_aLall K B, and others Ed. _9308664 |
||
| 245 | 0 | _aEuropean union and transformation of Europe's economy | |
| 260 |
_a New Delhi _bRadiant Publishers _c1993 |
||
| 300 |
_axix,248p. _ccm. |
||
| 500 | _aBibliography chapterwise | ||
| 650 |
_aEconomic Condition Europe _9234055 |
||
| 942 |
_hX.5.N9, N3 _cGB _2CC |
||
| 999 |
_c610411 _d610411 |
||